00359 2200157 4500001002100000005001500021035002000036082000800056084001400064100002200078245004000100250000600140260003100146300001200177990001200189INLIS00000000000253120250604120635 a0010-0625000117 a300 a300 NUR i0 aNurcholish Madjid1 aIndonesia Kita /cNurcholish Madjid a1 aJakarta :bGramedia,c2004 a215 hlm a0712319